Managing trust in cyberspace (Record no. 3996)

MARC details
000 -LEADER
fixed length control field 00669nam a22002297a 4500
003 - CONTROL NUMBER IDENTIFIER
control field OSt
005 - DATE AND TIME OF LATEST TRANSACTION
control field 20220107122742.0
008 - FIXED-LENGTH DATA ELEMENTS--GENERAL INFORMATION
fixed length control field 140505b xxu||||| |||| 00| 0 eng d
020 ## - INTERNATIONAL STANDARD BOOK NUMBER
International Standard Book Number 9781466568440
040 ## - CATALOGING SOURCE
Transcribing agency IIITM-K
082 ## - DEWEY DECIMAL CLASSIFICATION NUMBER
Classification number 005.82 THA/M;1
245 ## - TITLE STATEMENT
Title Managing trust in cyberspace
Statement of responsibility, etc. edited by Sabu M Thampi; Bharat Bhargava; Pradeep K Atrey
260 ## - PUBLICATION, DISTRIBUTION, ETC.
Place of publication, distribution, etc. Boca Raton,
Name of publisher, distributor, etc. CRC Press,
Date of publication, distribution, etc. 2014.
300 ## - PHYSICAL DESCRIPTION
Extent xii, 486p.
650 ## - SUBJECT ADDED ENTRY--TOPICAL TERM
Topical term or geographic name entry element COMPUTER SCIENCE
9 (RLIN) 4694
650 ## - SUBJECT ADDED ENTRY--TOPICAL TERM
Topical term or geographic name entry element NETWORK SECURITY
9 (RLIN) 4695
650 ## - SUBJECT ADDED ENTRY--TOPICAL TERM
Topical term or geographic name entry element TRUST MANAGEMENT
9 (RLIN) 4696
700 ## - ADDED ENTRY--PERSONAL NAME
Personal name Thampi, Sabu M
9 (RLIN) 4697
700 ## - ADDED ENTRY--PERSONAL NAME
Personal name Bhargava Bharat
9 (RLIN) 4698
700 ## - ADDED ENTRY--PERSONAL NAME
Personal name Atrey, Pradeep K
9 (RLIN) 4699
942 ## - ADDED ENTRY ELEMENTS (KOHA)
Source of classification or shelving scheme Dewey Decimal Classification
Koha item type Books
Holdings
Withdrawn status Lost status Source of classification or shelving scheme Damaged status Not for loan Collection code Home library Current library Shelving location Date acquired Total Checkouts Full call number Barcode Date last seen Price effective from Koha item type
    Dewey Decimal Classification     Cryptography/ Cyber Security Kerala University of Digital Sciences, Innovation and Technology Knowledge Centre Kerala University of Digital Sciences, Innovation and Technology Knowledge Centre Computer Science 05/05/2014   005.82 THA/M;1 3663 03/12/2020 05/05/2014 Books